000 00960nam a2200229 4500
001 72516
003 BD-RjUL
005 20211209082254.0
008 170520r19481945nyuac b 001 0 eng d
035 _a(BD-RjUL)72734
040 _aDLC
_cTXA
_dTXA
_beng
041 _aeng
082 _a572.46
_223
_bRAP 1948
100 1 _aRabinowitch, I. Eugene.
_d1901-1973.
_9214478
245 1 0 _aPhotosynthesis and related processes /
_cby Eugene I. Rabinowitch.
260 _aNew York :
_bInterscience Publishers,
_c1945 [i.e. 1959]-56.
300 _aV. :
_bill. ;
_c24 cm.
504 _aIncludes bibliographies and Indexes
505 0 _av. 1. Chemistry of photosynthesis; chemosynthesis and related processes in vitro and vivo. v. 2, pt. 1. Spectroscopy and fluorescence of photosynthetic pigments; kinetics of photosynthesis. v. 2, pt. 2. Kinetics of photosynthesis (continued) Addenda to v. 1 and v. 2, part 1
650 0 _aPhotosynthesis.
_9214479
942 _2ddc
_cBK
999 _c72516
_d72516